| 000 | 00642nam a2200169 a 4500 | ||
|---|---|---|---|
| 001 | 000038838 | ||
| 005 | 20201002031405.0 | ||
| 008 | 130426s1990 pr 000 0 spa d | ||
| 020 | _a084773644x | ||
| 040 |
_aDO-SdBNP _bspa _cBNPHU |
||
| 100 | 1 |
_aBalseiro, José Agustín, _d1900- _965124 |
|
| 245 | 1 | 0 |
_aObra selecta de José Agustín Balseiro / _cprólogo de María Teresa Babín ; epílogo de Ángel Encarnación. |
| 260 |
_aRío Piedra, Puerto Rico : _bEditorial de la Universidad de Puerto Rico, _c1990. |
||
| 300 |
_av. : _bil., retrs. ; _c24 cm. |
||
| 700 | 1 |
_aBabín, María Teresa _epról. _939759 |
|
| 700 | 1 |
_aEncarnación, Ángel _965125 |
|
| 999 |
_c38328 _d38328 |
||